Проблемы обеспечения водой подразделений пожарной охраны при тушении пожаров в сельской местности; Прогрессивные технологии и экономика в машиностроении

التفاصيل البيبلوغرافية
Parent link:Прогрессивные технологии и экономика в машиностроении.— 2022.— [С. 74-76]
المؤلف الرئيسي: Давыденко Т. Н.
مؤلف مشترك: Томский политехнический университет Юргинский технологический институт
مؤلفون آخرون: Родионов П. В. Павел Вадимович (научный руководитель)
الملخص:Заглавие с экрана
В статье проведена оценка особенностей пожаров в сельской местности, способов их тушения, проблем противопожарного водоснабжения и пути решения во избежание разрастания площади охвата пожаром.
The article evaluates the features of fires in rural areas, methods of extinguishing them, problems of fire-fighting water supply and solutions to avoid the expansion of the fire coverage area.
اللغة:الروسية
منشور في: 2022
سلاسل:Экология, безопасность и охрана труда на предприятии классификация лесных пожаров
الموضوعات:
الوصول للمادة أونلاين:http://earchive.tpu.ru/handle/11683/70668
التنسيق: الكتروني فصل الكتاب
KOHA link:https://koha.lib.tpu.ru/cgi-bin/koha/opac-detail.pl?biblionumber=634233

MARC

LEADER 00000naa2a2200000 4500
001 634233
005 20231102024720.0
035 |a (RuTPU)RU\TPU\conf\36018 
035 |a RU\TPU\conf\36015 
090 |a 634233 
100 |a 20220415d2022 k y0rusy50 ca 
101 0 |a rus  |d eng 
102 |a RU 
105 |a y z 101zy 
135 |a drgn ---uucaa 
181 0 |a i  
182 0 |a b 
200 1 |a Проблемы обеспечения водой подразделений пожарной охраны при тушении пожаров в сельской местности  |f Т. Н. Давыденко  |g науч. рук. П. В. Родионов 
203 |a Текст  |c электронный 
225 1 |a Экология, безопасность и охрана труда на предприятии классификация лесных пожаров 
230 |a 1 компьютерный файл (pdf; 111 Kb) 
300 |a Заглавие с экрана 
320 |a [Библиогр.: с. 76 (3 назв.)] 
330 |a В статье проведена оценка особенностей пожаров в сельской местности, способов их тушения, проблем противопожарного водоснабжения и пути решения во избежание разрастания площади охвата пожаром. 
330 |a The article evaluates the features of fires in rural areas, methods of extinguishing them, problems of fire-fighting water supply and solutions to avoid the expansion of the fire coverage area. 
463 0 |0 (RuTPU)RU\TPU\conf\35989  |t Прогрессивные технологии и экономика в машиностроении  |o сборник трудов XIII Всероссийской научно-практической конференции для студентов и учащейся молодежи, 7-9 апреля 2022 г., Юрга  |f Национальный исследовательский Томский политехнический университет (ТПУ), Юргинский технологический институт (ЮТИ) ; под ред. А. А. Сапрыкина  |v [С. 74-76]  |d 2022 
610 1 |a электронный ресурс 
610 1 |a труды учёных ТПУ 
610 1 |a пожары 
610 1 |a пожаротушение 
610 1 |a водоснабжение 
610 1 |a источники водоснабжения 
610 1 |a пожарная охрана 
610 1 |a сельская местность 
610 1 |a fire 
610 1 |a fire fighting 
610 1 |a water supply 
610 1 |a water sources 
700 1 |a Давыденко  |b Т. Н. 
702 1 |a Родионов  |b П. В.  |c специалист в области экологии и безопасности жизнедеятельности  |c старший преподаватель Юргинский технологический институт (филиала) Томского политехнического университета, кандидат педагогических наук  |f 1972-  |g Павел Вадимович  |2 stltpush  |4 727  |9 16131 
712 0 2 |a Томский политехнический университет  |b Юргинский технологический институт  |c (2003-2009)  |2 stltpush  |3 (RuTPU)RU\TPU\col\12451  |9 25408 
801 2 |a RU  |b 63413507  |c 20220419  |g RCR 
856 4 |u http://earchive.tpu.ru/handle/11683/70668 
942 |c BK